[Event "2nd Grand Europe Open 2013"]
[Site "Golden Sands BUL"]
[Date "2013.06.15"]
[Round "6.37"]
[White "Sveshnikov,V"]
[Black "Valles,M"]
[Result "1-0"]
[WhiteElo "2411"]
[BlackElo "2261"]

1.d4 g6 2.e4 Bg7 3.Nc3 d6 4.Nf3 Nf6 5.Be2 O-O 6.O-O c6 7.e5 Nd5 8.Nxd5 cxd5
9.Bf4 Qb6 10.exd6 exd6 11.Qd2 Re8 12.c3 Nd7 13.a4 Nf6 14.a5 Qc7 15.Rfe1 Bd7
16.Bd3 Bc6 17.Rxe8+ Rxe8 18.a6 b5 19.Qc2 Rb8 20.Qb3 Bd7 21.Ne1 b4 22.cxb4 Qb6
23.Nc2 Bf8 24.b5 Bxb5 25.Qxb5 Qxb5 26.Bxb5 Rxb5 27.Ra2 Ne8 28.Bd2 Nc7 29.Ba5 Nxa6
30.Bc3 Nb8 31.Rxa7 Bh6 32.Kf1 Bc1 33.Ra1 Bg5 34.Ke2 Kf8 35.Kd3 Ke7 36.g3 Nc6
37.f4 Bf6 38.f5 gxf5 39.Ne3 Ke6 40.Re1 Bg5 41.Ng4+ Kd7 42.h4 fxg4 43.hxg5 Nd8
44.Rh1 Ke6 45.Rf1 f5 46.gxf6 Rb7 47.b4 Rf7 48.b5 Rb7 49.Ba5 Nf7 50.b6 h5
51.Kc3 Ng5 52.Kb4 Nf3 53.Kb5 Nxd4+ 54.Ka6 Rf7 55.b7 Nc6 56.Bc3 Nb8+ 57.Ka7 Nc6+
58.Kb6 Kd7 59.Bb2 Rf8 60.Re1 Ne5  1-0

[Event "72nd ch-GEO 2013"]
[Site "Tbilisi GEO"]
[Date "2013.06.15"]
[Round "4.3"]
[White "Shanava,K"]
[Black "Nigalidze,G"]
[Result "1/2-1/2"]
[WhiteElo "2563"]
[BlackElo "2456"]

1.e4 g6 2.d4 Bg7 3.Nc3 d6 4.f4 Nf6 5.Nf3 O-O 6.Bd3 Na6 7.e5 Ng4 8.h3 Nh6
9.Be3 c5 10.dxc5 Nxc5 11.Bxc5 dxc5 12.g4 Qb6 13.Nd5 Qd8 14.Ne3 Qb6 15.Nd5 Qd8
16.c4 e6 17.Nc3 f6 18.Qe2 fxe5 19.fxe5 Bd7 20.O-O-O Nf7 21.h4 Qc7 22.h5 Nxe5
23.Nxe5 Qxe5 24.hxg6 hxg6 25.Qxe5 Bxe5 26.Bxg6 Bc6 27.Rhe1 Bxc3 28.bxc3 Rf4
29.Rxe6 Rxc4 30.Bf5 Rxc3+ 31.Kb2 Rh3 32.Rdd6 Rf8 33.Re7 a5 34.Re5 Re8 35.Rxc5 a4
36.Rd3 Rh1 37.Bd7 Re2+ 38.Ka3 Ra1 39.Bxc6 Raxa2+ 40.Kb4 bxc6 41.Rxc6 Re4+
42.Ka5 Rxg4 43.Rd7 Rg5+ 44.Kb4 Rg4+ 45.Ka5 Rg5+ 46.Kb4 Rg4+  1/2-1/2

[Event "8th Teplice Open 2013"]
[Site "Teplice CZE"]
[Date "2013.06.15"]
[Round "1.53"]
[White "Cajbel,M"]
[Black "Straslipka,Jiri"]
[Result "1-0"]
[WhiteElo "2191"]
[BlackElo "1750"]

1.e4 d6 2.d4 g6 3.Nc3 Bg7 4.f4 Nd7 5.Nf3 c5 6.d5 Nh6 7.Bd3 O-O 8.O-O Nb6
9.a4 Bg4 10.Qe1 Bxf3 11.Rxf3 f5 12.exf5 Nxf5 13.Rh3 Nd7 14.Ne4 Nf6 15.Nxf6+ Rxf6
16.g4 Nd4 17.g5 Rf7 18.Qh4 Nf5 19.Qxh7+ Kf8 20.Qxg6 Qc8 21.Qe6 c4 22.Qxc8+ Rxc8
23.Be4 c3 24.bxc3 Rxc3 25.Rxc3 Bxc3 26.Ra3 Bd4+ 27.Kg2 Ng7 28.Bg6  1-0

[Event "17th Petr Izmailov"]
[Site "Tomsk RUS"]
[Date "2013.06.15"]
[Round "5.4"]
[White "Chigaev,M"]
[Black "Shomoev,A"]
[Result "1/2-1/2"]
[WhiteElo "2455"]
[BlackElo "2565"]

1.e4 g6 2.d4 Bg7 3.Nc3 d6 4.Be3 a6 5.f3 Nd7 6.Qd2 b5 7.h4 Ngf6 8.Nh3 Bb7
9.O-O-O e6 10.g4 h6 11.Ne2 c5 12.dxc5 dxc5 13.g5 hxg5 14.Nxg5 Qe7 15.Nf4 Ne5
16.Qa5 Rc8 17.Be2 Nc6 18.Bxb5 axb5 19.Qxb5 O-O 20.Bxc5 Qc7 21.Nfxe6 fxe6
22.Nxe6 Qf7 23.Bxf8 Bxf8 24.Nxf8 Rxf8 25.Kb1 Rd8 26.Rxd8+ Nxd8 27.Rd1 Ne6
28.a4 Qc7 29.Rd3 Kf7 30.a5 Qc8 31.Rd6 Nc5 32.Qc4+ Ke7 33.Rb6 Nfd7 34.Rxg6 Ne5
35.Rg7+ Kf6 36.Qg8 Ne6 37.Qxc8 Bxc8 38.Rg8 Ba6 39.h5 Nxf3 40.h6 Nfg5 41.b4 Bb7
42.c4 Nf7 43.Kb2 Nxh6 44.Rb8 Bxe4 45.a6 Nf7 46.a7 Nc7 47.b5 Nd6 48.Kc3 Ke7
49.b6 Na8 50.c5 Nb5+ 51.Kc4 Nxa7 52.b7 Nc7 53.Re8+  1/2-1/2

[Event "17th Voronezh Master Open"]
[Site "Voronezh RUS"]
[Date "2013.06.15"]
[Round "4.4"]
[White "Vastrukhin,O"]
[Black "Onischuk,V"]
[Result "1/2-1/2"]
[WhiteElo "2349"]
[BlackElo "2581"]

1.e4 d6 2.d4 g6 3.Nc3 Bg7 4.Nf3 Nf6 5.Be3 c6 6.Qd2 h6 7.h3 Qc7 8.a4 a5 9.Bc4 Na6
10.e5 Nd7 11.exd6 exd6 12.d5 Nb6 13.Bb3 Bf5 14.O-O O-O-O 15.Nd4 Nc5 16.dxc6 bxc6
17.Nce2 Be6 18.Nxe6 fxe6 19.Bxc5 dxc5 20.Qxa5 Kb7 21.Qxc5 Qd6 22.Qxd6 Rxd6
23.Rad1 Rhd8 24.c3 g5 25.Rxd6 Rxd6 26.a5 Rd2 27.Ng3 Rxb2 28.Bxe6 Nd5 29.Rd1 Bxc3
30.Bxd5 cxd5 31.Rxd5 Kc6 32.Rf5 Kd6 33.Ne4+ Ke6 34.g4 Bd4 35.Kg2 Ra2 36.Rb5 Rc2
37.Kf3 Rc4 38.h4 gxh4 39.Rh5 Bg7 40.Rxh4 Rb4 41.Ng3 Rb3+ 42.Kg2 Rb4 43.a6 Bf8
44.Nf5 Rb2 45.a7 Ra2 46.Nxh6 Bc5 47.a8=Q Rxa8 48.g5 Ke5 49.f4+ Ke4 50.f5+ Ke5
51.Kf3 Ra3+ 52.Kg4 Bf2 53.Rh3 Rxh3 54.Kxh3 Kf4 55.g6 Bd4 56.Kh4 Bf6+ 57.Kh5 Bg7
58.f6 Bxf6 59.g7 Bxg7  1/2-1/2

[Event "16th Heraklion Open A 2013"]
[Site "Athens GRE"]
[Date "2013.06.16"]
[Round "1.7"]
[White "Skalkotas,N"]
[Black "Vazelakis,D"]
[Result "1/2-1/2"]
[WhiteElo "2182"]
[BlackElo "1969"]

1.d4 g6 2.e4 Bg7 3.Nc3 d6 4.Nf3 Nf6 5.Be2 O-O 6.O-O Nc6 7.h3 e5 8.dxe5 dxe5
9.Bg5 Be6 10.Qc1 Qc8 11.Rd1 Rd8 12.Qe3 a6 13.Rxd8+ Qxd8 14.Rd1 Qf8 15.Nd5 Ne8
16.Qb3 Na5 17.Qc3 Nc6 18.Be3 h6 19.Bc4 Kh8 20.b4 Rd8 21.Bc5  1/2-1/2

[Event "2nd Grand Europe Open 2013"]
[Site "Golden Sands BUL"]
[Date "2013.06.17"]
[Round "8.20"]
[White "Sveshnikov,V"]
[Black "Chatalbashev,B"]
[Result "0-1"]
[WhiteElo "2411"]
[BlackElo "2560"]

1.e4 g6 2.d4 Bg7 3.Nc3 d6 4.f4 Nf6 5.Nf3 O-O 6.Be3 b6 7.Qd2 Bb7 8.e5 Ng4
9.O-O-O c5 10.dxc5 bxc5 11.Bxc5 Nd7 12.Bg1 Rc8 13.h3 Nh6 14.h4 Nc5 15.h5 Ne4
16.Nxe4 Bxe4 17.Bd3 Bxd3 18.Qxd3 Qa5 19.hxg6 hxg6 20.Qd5 Qc7 21.c3 dxe5 22.fxe5 Rfd8
23.Qb3 Rxd1+ 24.Qxd1 Ng4 25.Bd4 Nxe5 26.Nxe5 Bxe5 27.Kc2 Qc6 28.Bxe5 Qe4+
29.Kc1 Qxe5 30.Qd2 e6 31.Re1 Qb5 32.Qe3 Qd5 33.Qxa7 Qxg2 34.Qd4 Rb8 35.c4 Qg5+
36.Qe3 Qa5 37.Qe5 Qxe5 38.Rxe5 Kg7 39.Kc2 Kf6 40.Re1 g5 41.Kc3 g4 42.b4 Kg5
43.c5 g3 44.Rg1 Kg4 45.a4 f5 46.c6 f4 47.b5 f3 48.c7 Re8 49.b6 f2  0-1

[Event "2nd Grand Europe Open 2013"]
[Site "Golden Sands BUL"]
[Date "2013.06.18"]
[Round "9.10"]
[White "Bonafede,A"]
[Black "Petrosian,TL"]
[Result "0-1"]
[WhiteElo "2353"]
[BlackElo "2649"]

1.e4 d6 2.d4 g6 3.Nc3 Bg7 4.f4 a6 5.Nf3 b5 6.Bd3 Bb7 7.O-O Nc6 8.Kh1 Bxd4
9.Nxd4 Nxd4 10.a4 b4 11.Nd5 Nf6 12.c3 bxc3 13.bxc3 Ne6 14.c4 Nc5 15.Bb2 O-O
16.Bc2 Rb8 17.Qd4 Bxd5 18.exd5 Rxb2 19.Qxb2 Ng4 20.f5 Ne5 21.Qc1 Kg7 22.Ra3 f6
23.h4 Rh8 24.Rg3 Qb8 25.h5 Kf7 26.Qb1 g5 27.Qxb8 Rxb8 28.Rb1 Rxb1+ 29.Bxb1 Kg7
30.Bc2 Kh6 31.Bd1 Ne4 32.Rb3 Nf2+ 33.Kg1 Nxd1 34.Rb7 Nxc4 35.Rxc7 Ndb2 36.g4 a5
37.Kh2 Ne3 38.Rxe7 Nbc4 39.Re4 Nd2 40.Re6 Nxg4+ 41.Kh3 Nf2+ 42.Kg3 Nde4+
43.Kg2 Kxh5 44.Re7 Kg4 45.Rxh7 Nd1 46.Ra7 Ne3+ 47.Kg1 Nc4 48.Rc7 Nc5  0-1

[Event "17th Petr Izmailov"]
[Site "Tomsk RUS"]
[Date "2013.06.18"]
[Round "8.26"]
[White "Popov,Vladim2"]
[Black "Kuzmin,Ars"]
[Result "1/2-1/2"]
[WhiteElo "2063"]
[BlackElo "1980"]

1.e4 d6 2.Nc3 g6 3.d4 Bg7 4.Be3 Nd7 5.Bc4 Ngf6 6.f3 c6 7.Qd2 b5 8.Bd3 Nb6
9.Nge2 h5 10.O-O Qc7 11.Rae1 e5 12.dxe5 dxe5 13.Bg5 Be6 14.f4 Ng4 15.f5 Bc4
16.fxg6 fxg6 17.Rf3 Be6 18.Ref1 Nd7 19.b4 a5 20.a3 axb4 21.axb4 Qd6 22.Kh1 Bh6
23.h3 Bg7 24.Kg1 Nh6 25.Rd1 Nf7 26.Qe3 Qxb4 27.Kh2 Qc5 28.Bxb5 cxb5 29.Rxd7 Qxe3
30.Re7+ Kf8 31.Rexf7+ Bxf7 32.Bxe3 Kg8 33.Nxb5 Ra2 34.Bg5 Bc4 35.Nec3 Rb2
36.Nd6 Be6 37.Nd5 Bxd5 38.exd5 Rxc2 39.Ne8 Rc8 40.Nxg7 Kxg7 41.Bf6+ Kh6 42.Bxh8 Rxh8
43.Rd3 Kg5 44.Kg3 e4 45.Rd1 Rf8 46.h4+ Kh6 47.Rd4 Rf5 48.d6 e3 49.Re4 Rd5
50.Rxe3 Kg7 51.Kf3 Kf7 52.Re7+ Kf6 53.Rd7 Ke6 54.Rd8 Rxd6 55.Re8+ Kf6 56.Ke3 Ra6
57.Re4 Ra5 58.Rf4+ Ke6 59.Rb4  1/2-1/2

[Event "8th Teplice Open 2013"]
[Site "Teplice CZE"]
[Date "2013.06.19"]
[Round "5.9"]
[White "Kislinsky,A"]
[Black "Kristiansen,Jen"]
[Result "1-0"]
[WhiteElo "2565"]
[BlackElo "2412"]

1.e4 g6 2.d4 Bg7 3.Nc3 d6 4.f4 Nf6 5.Nf3 O-O 6.Bd3 Nc6 7.O-O e5 8.fxe5 dxe5
9.d5 Nd4 10.Nxe5 Nxe4 11.Nxe4 Bxe5 12.c3 Nf5 13.Qf3 Kg7 14.g4 Nd6 15.Bf4 Bxf4
16.Qxf4 Nxe4 17.Qxe4 Qg5 18.Rf4 h5 19.Raf1 hxg4 20.Rf6 Bf5 21.R6xf5 gxf5
22.Rxf5 Qc1+ 23.Kg2 Rg8 24.Qe7 Qd2+ 25.Kg1 Qd1+ 26.Bf1  1-0

[Event "17th Petr Izmailov"]
[Site "Tomsk RUS"]
[Date "2013.06.19"]
[Round "9.13"]
[White "Khanin,S"]
[Black "Tsydendambaev,A"]
[Result "1-0"]
[WhiteElo "2244"]
[BlackElo "2070"]

1.e4 g6 2.d4 Bg7 3.Nc3 d6 4.Nf3 Nf6 5.Be2 O-O 6.O-O e6 7.h3 Nc6 8.Be3 h6
9.Qd2 Kh7 10.Ne1 b6 11.g4 e5 12.d5 Nd4 13.Bd3 c5 14.dxc6 Nxc6 15.Rd1 Be6
16.Qe2 Rc8 17.Nf3 Nb4 18.Rfe1 Qe7 19.a3 Nxd3 20.Qxd3 Rfd8 21.Qb5 Bd7 22.Qb4 Bc6
23.Bc1 Qb7 24.g5 a5 25.Qb3 hxg5 26.Bxg5 Rd7 27.Bxf6 Bxf6 28.Nd5 Bxd5 29.Rxd5 Kg7
30.Red1 Qc7 31.R1d2 Rh8 32.Kg2 Rdd8 33.Qd3 Be7 34.Ne1 Rh4 35.c3 Rf8 36.Nf3 Rh5
37.Qe2 Qc8 38.Ng1 Qe6 39.R5d3 f5 40.Rf3  1-0

[Event "7th Varna Open 2013"]
[Site "Varna BUL"]
[Date "2013.06.19"]
[Round "1.21"]
[White "Yordanov Adrian Daniel"]
[Black "Belov,Ig1"]
[Result "0-1"]
[WhiteElo "1576"]
[BlackElo "2418"]

1.e4 d6 2.d4 g6 3.Nc3 Bg7 4.Nf3 Nf6 5.h3 O-O 6.Be2 c5 7.Be3 cxd4 8.Bxd4 Nc6
9.Be3 a6 10.O-O b5 11.a3 Bb7 12.Re1 Rc8 13.Qd2 Na5 14.Bd3 Nc4 15.Qc1 Nxb2
16.Qxb2 Nxe4 17.Nd4 Nxc3 18.Qc1 e5 19.Nb3 f5 20.Bg5 Qc7 21.Qd2 f4 22.f3 d5
23.Rac1 e4 24.fxe4 dxe4 25.Bf1 e3 26.Qd3 Be4  0-1

[Event "DYTM Raja Nazrin Shah Masters"]
[Site "Kuala Lumpur MAS"]
[Date "2013.06.20"]
[Round "9.5"]
[White "Padmini,R"]
[Black "Wohl,A"]
[Result "0-1"]
[WhiteElo "2347"]
[BlackElo "2369"]

1.e4 g6 2.d4 Bg7 3.Nc3 d6 4.h3 a6 5.Nf3 Nd7 6.Bc4 e6 7.a4 b6 8.O-O Ne7 9.Re1 h6
10.Ne2 Bb7 11.Ng3 c5 12.c3 O-O 13.Bf1 Re8 14.b4 Qc7 15.Bb2 Red8 16.Qd2 Nf6
17.Bd3 Rd7 18.Qe2 c4 19.Bc2 e5 20.dxe5 dxe5 21.Rad1 Rad8 22.Bc1 Nh7 23.Rxd7 Rxd7
24.Nf1 Nf8 25.b5 axb5 26.axb5 Qc5 27.Be3 Qxb5 28.Rb1 Qa5 29.Qxc4 Nc8 30.Qb4 Qa2
31.Bb3 Qa8 32.N1d2 Nd6 33.Bc2 b5 34.Bc5 Qd8 35.Nf1 Bc6 36.Ne3 Ne6 37.Bxd6 Rxd6
38.Nd5 Bxd5 39.exd5 Nf4 40.Re1 Nxd5 41.Qxb5 Nxc3 42.Qc4 Qa5 43.Bb3 Rd7 44.Nxe5 Bxe5
45.Rxe5 Qxe5 46.Qc8+ Kg7 47.Qxd7 Qe1+ 48.Kh2 Qxf2 49.Bd1 Qf4+ 50.Kg1 Qe3+
51.Kh2 Qf4+ 52.Kg1 Qc1 53.Qd4+ Kh7 54.Qf6 Qxd1+ 55.Kh2 Qb3  0-1

[Event "FISCA Open D 2013"]
[Site "Cap Aurora ROU"]
[Date "2013.06.22"]
[Round "1.1"]
[White "Dragulescu,N"]
[Black "Manolache,M"]
[Result "0-1"]
[WhiteElo "1863"]
[BlackElo "2504"]

1.e4 g6 2.d4 Bg7 3.Nc3 d6 4.Bg5 Nc6 5.Nge2 h6 6.Bh4 Nf6 7.Qd2 a6 8.O-O-O b5
9.f3 Bb7 10.d5 Ne5 11.Nd4 O-O 12.Bf2 Qd7 13.h4 h5 14.Be3 Rfc8 15.g3 c5 16.Bh3 cxd4
17.Bxd7 dxc3 18.bxc3 Nfxd7 19.Bd4 Nxf3 20.Qf4 Nfe5 21.Rhf1 Rf8 22.Kb2 Rac8
23.Kb1 Rc4 24.a3 Nc5 25.Ka2 Na4 26.Kb3 Bc8 27.Qg5 Rc7 28.Rf2 Bg4 29.Rdf1 f6
30.Qe3 Rfc8 31.Re1 Nc4 32.Qf4 e5  0-1

[Event "Gold Coast Open 2013"]
[Site "Gold Coast AUS"]
[Date "2013.06.22"]
[Round "1"]
[White "D'arcy,Michael"]
[Black "Cigelj,David"]
[Result "1-0"]
[WhiteElo "1902"]
[BlackElo "1599"]

1.e4 g6 2.d4 Bg7 3.Nc3 d6 4.Be3 Nf6 5.Be2 O-O 6.h4 h5 7.f3 Qd7 8.Nh3 c6 9.Qd2 b5
10.Nd1 a5 11.Ndf2 b4 12.Bh6 Na6 13.Bxg7 Kxg7 14.Qg5 Nc7 15.g4 Rh8 16.O-O-O Ba6
17.Bxa6 Ne6 18.Qe3 Rxa6 19.Ng5 Raa8 20.d5 Nd8 21.gxh5 Rxh5 22.f4 c5 23.Qg3 Rh8
24.Rdg1 Nh5 25.Qe3 Qa4 26.Kb1 Rb8 27.f5 b3 28.cxb3 Qb4 29.e5 Qf4 30.f6+ exf6
31.exf6+ Qxf6 32.Ng4 Qf4 33.Qc3+ Qd4 34.Qxa5 c4 35.Qc7 Rb7 36.Qxc4 Rb4 37.Qc3 Nf4
38.Ne3 Ne2 39.Qxd4+ Rxd4 40.Rg2 Nf4 41.Rg4 Ne2 42.Rxd4 Nxd4 43.Kc1 Ne2+ 44.Kd2 Nf4
45.Ne4 Nb7 46.Rg1 Nh3 47.Rg3 Re8 48.Nf5+ Kf8 49.Nfxd6 Nxd6 50.Nxd6 Rd8 51.Rxh3 Rxd6
52.Rd3 f5 53.Ke3 Kf7 54.Kf4 Kf6 55.b4 Rd8 56.d6 Rd7 57.b5  1-0

[Event "72nd ch-GEO 2013"]
[Site "Tbilisi GEO"]
[Date "2013.06.23"]
[Round "11.6"]
[White "Mchedlishvili,M"]
[Black "Paichadze,L"]
[Result "1/2-1/2"]
[WhiteElo "2637"]
[BlackElo "2516"]

1.d4 g6 2.e4 Bg7 3.Nc3 d6 4.f4 Nf6 5.Nf3 O-O 6.Bd3 c5 7.dxc5 Nbd7 8.cxd6 exd6
9.O-O Re8 10.a4 Ng4 11.Kh1 Qb6 12.Bc4 Nf2+ 13.Rxf2 Qxf2 14.Ng5 Rf8 15.Nd5 Nf6
16.Be3 Qh4 17.Ne7+ Kh8 18.Qxd6 Be6 19.Bxe6 fxe6 20.Qxe6 Rad8 21.h3 Bh6 22.Nf7+ Rxf7
23.Qxf7 Bxf4 24.Nf5 gxf5 25.Bxf4 Ng4 26.exf5 Nf2+ 27.Kg1 Nxh3+ 28.gxh3 Rg8+
29.Qxg8+ Kxg8 30.Rf1 Qxh3 31.Rf2 Qxf5 32.b3 h5 33.Kf1 h4 34.Ke1 h3 35.Bh2 Qe4+
36.Kd2 Kg7 37.Re2 Qd4+ 38.Kc1 Qa1+ 39.Kd2 Qd4+ 40.Kc1 Kg6 41.Be5 Qg4 42.Rd2 Qg1+
43.Kb2 Kf5 44.Bh2 Qe1 45.Rd7 Qe2 46.Bb8 Qe4 47.Bh2 a6 48.Rd2 Qe1 49.Rd7 Qe2
50.Bb8 Qe4 51.Rd3 Kg4 52.Rd2 b5 53.axb5 axb5 54.Rd3 Qg2 55.b4 h2 56.Bxh2 Qxh2
57.Kb1 Qf4 58.Kb2 Qxb4+ 59.Ka1 Kf5 60.Ka2 Ke5 61.Ka1 Qc4 62.Kb1 b4 63.Kb2 Ke4
64.Rb3 Kd4 65.Rd3+ Kc5 66.Kb1 Kb5 67.Kb2 Ka4 68.Rb3 Qd4+ 69.Kb1 Qd1+ 70.Kb2 Qd4+
71.Kb1 Qd1+ 72.Kb2  1/2-1/2

[Event "8th Teplice Open 2013"]
[Site "Teplice CZE"]
[Date "2013.06.23"]
[Round "9.41"]
[White "Vykouk,Jan"]
[Black "Hansen,HenrikD"]
[Result "1-0"]
[WhiteElo "2039"]
[BlackElo "1801"]

1.e4 g6 2.d4 Bg7 3.Nc3 d6 4.f4 a6 5.a4 b6 6.Nf3 e6 7.Bd3 Ne7 8.O-O O-O 9.e5 d5
10.Ne2 c5 11.c3 Nbc6 12.g4 Rb8 13.g5 h6 14.gxh6 Bxh6 15.f5 Bxc1 16.Qxc1 Kh7
17.f6 Rh8 18.Ng5+ Kg8 19.fxe7 Nxe7 20.Nxf7  1-0

[Event "7th Varna Open 2013"]
[Site "Varna BUL"]
[Date "2013.06.23"]
[Round "5.10"]
[White "Vavric,P"]
[Black "Chatalbashev,B"]
[Result "0-1"]
[WhiteElo "2239"]
[BlackElo "2560"]

1.e4 g6 2.d4 Bg7 3.Nc3 d6 4.f4 a6 5.Nf3 b5 6.Bd3 Nd7 7.O-O c5 8.Be3 cxd4
9.Nxd4 Bb7 10.Kh1 Ngf6 11.a3 O-O 12.Qe2 Qc7 13.Nf3 e5 14.Rad1 Rac8 15.Nd2 exf4
16.Bxf4 Nc5 17.Bg5 Nfd7 18.Nf3 Rfe8 19.Qf2 Ne6 20.Nd5 Bxd5 21.exd5 Nxg5 22.Nxg5 Ne5
23.c3 h6 24.Nf3 Ng4 25.Qg3 Ne3 26.h4 Qd7 27.h5 gxh5 28.Nh4 Qg4 29.Qf2 Kh8
30.Rde1 Qg5 31.Nf3 Qe7 32.Nh2 Qg5 33.Nf3 Ng4 34.Rxe8+ Rxe8 35.Nxg5 Nxf2+
36.Rxf2 hxg5 37.Rxf7 g4 38.Rf1 Re3 39.Rd1 Be5 40.Kg1 Kg7 41.Kf2 Bf4 42.a4 bxa4
43.Bxa6 a3 44.bxa3 Rxc3 45.a4 Ra3 46.Bb5 Ra2+ 47.Kf1 Bg3 48.Rd3 Ra1+ 49.Ke2 Bf4
50.g3 Ra2+ 51.Kf1 Be5 52.Be8 Kh6 53.Bb5 Kg5 54.Re3 Bd4 55.Rd3 Bc5 56.Rb3 h4
57.gxh4+ Kxh4  0-1

[Event "III Marcel Duchamp Boca Jun Op"]
[Site "Buenos Aires ARG"]
[Date "2013.06.24"]
[Round "4.41"]
[White "Altamiranda,Maria Elisa"]
[Black "Etchevest,Marcelo"]
[Result "0-1"]
[WhiteElo "1473"]
[BlackElo "1801"]

1.e4 g6 2.d4 Bg7 3.Nc3 d6 4.Nf3 a6 5.Be3 b5 6.a3 Bb7 7.Be2 Nd7 8.O-O Ngf6
9.d5 c5 10.Bd3 O-O 11.Qd2 c4 12.Be2 Nc5 13.Bxc5 dxc5 14.Qe3 Qc7 15.Nd2 Rfd8
16.Rad1 h5 17.Qg3 Qxg3 18.hxg3 Ng4 19.Nf3 Rac8 20.Rfe1 Ba8 21.Bf1 Ne5 22.Nxe5 Bxe5
23.Rb1 e6 24.dxe6 fxe6 25.a4 Bc6 26.axb5 axb5 27.Kh1 Rd2 28.Re2 Rcd8 29.f4 Bxc3
30.bxc3 Rxe2 31.Bxe2 Rd2 32.Bf3 Rxc2 33.Ra1 Rxc3 34.Ra6 Bd7 35.e5 Rd3 36.Be4 Rd1+
37.Kh2 Kf7 38.Ra7 c3 39.Rc7 c4 40.g4 hxg4 41.Kg3 Rd2 42.Kxg4 Ke7 43.Ra7 c2
44.Kf3 c1=Q  0-1

[Event "FISCA Open D 2013"]
[Site "Cap Aurora ROU"]
[Date "2013.06.25"]
[Round "4.6"]
[White "Daianu,C"]
[Black "Stanca,A"]
[Result "1/2-1/2"]
[WhiteElo "2245"]
[BlackElo "2204"]

1.e4 g6 2.d4 Bg7 3.Nc3 d6 4.Be3 c6 5.f4 d5 6.Nf3 Nf6 7.e5 Ng4 8.Qd2 Nxe3
9.Qxe3 Bf5 10.Bd3 e6 11.O-O-O h5 12.g3 Nd7 13.h3 Qa5 14.Kb1 b5 15.g4 hxg4
16.hxg4 Bxg4 17.Rxh8+ Bxh8 18.Rh1 Bg7 19.Rh7 Bxf3 20.Rxg7 b4 21.Na4 Qxa4
22.b3 Qa5 23.Qxf3 Qb6 24.Qf2 Nf8 25.Qh4 a5 26.Rg8 Qxd4 27.Bxg6 fxg6 28.Qf6 Qd1+
29.Kb2 Qd4+ 30.Kb1 Qd1+  1/2-1/2

[Event "9th Prague Festival IM"]
[Site "Prague CZE"]
[Date "2013.06.25"]
[Round "4.4"]
[White "Rous,D"]
[Black "Cesal,J"]
[Result "0-1"]
[WhiteElo "2034"]
[BlackElo "2268"]

1.e4 g6 2.d4 Bg7 3.Nc3 d6 4.Be3 c6 5.a4 a5 6.Nf3 Nf6 7.h3 O-O 8.Qd2 Nbd7
9.e5 dxe5 10.dxe5 Nd5 11.Nxd5 cxd5 12.O-O-O Nxe5 13.Nxe5 Bxe5 14.Qxd5 Qc7
15.Qc5 Bf5 16.Qxc7 Bxc7 17.Bd3 Be6 18.Bc5 Bf4+ 19.Kb1 Bg5 20.Be4 Rac8 21.Bb6 Bf6
22.b3 Bc3 23.Rd3 Bb4 24.Kb2 f5 25.Bd5 Rf6 26.Bd4 Bxd5 27.Bxf6 Bxg2 28.Rg1 Be4
29.Be5 Bxd3 30.cxd3 Kf7 31.f4 Bd6 32.Re1 Rc6 33.d4 h6 34.h4 Bb4 35.Rd1 Rc3
36.d5 Rc8 37.Rd3 Bd6 38.Bxd6 exd6 39.Rg3 Rc5 40.Rd3 Kf6  0-1

[Event "Geneva Open A 2013"]
[Site "Geneva SUI"]
[Date "2013.06.27"]
[Round "5.6"]
[White "Vuilleumier,A"]
[Black "Weeramantry,S SRI"]
[Result "1-0"]
[WhiteElo "2321"]
[BlackElo "2111"]

1.e4 d6 2.d4 g6 3.Nc3 Bg7 4.Bg5 c6 5.Qd2 Nd7 6.f4 Qb6 7.O-O-O Qa5 8.Kb1 b5
9.e5 d5 10.Bh4 Nb6 11.Ne4 Qxd2 12.Nxd2 Nh6 13.Nb3 Nc4 14.Bxc4 bxc4 15.Nc5 Nf5
16.Bf2 Bf8 17.b3 cxb3 18.cxb3 Ng7 19.Rc1 Ne6 20.Nxe6 Bxe6 21.Rxc6 Kd7 22.Rc3 Bf5+
23.Kb2 Bh6 24.g3 Rhc8 25.Ne2 Rxc3 26.Nxc3 Rc8 27.Rc1 e6 28.Nb5 Rxc1 29.Kxc1 a6
30.Nd6 Bf8 31.Nxf5 gxf5 32.Be1 Kc6 33.Kc2 Be7 34.Bc3 Kb5 35.Kd3 Ba3 36.Ke2 Kc6
37.Kf3 h5 38.h3 Be7 39.g4 hxg4+ 40.hxg4 fxg4+ 41.Kxg4 Kd7 42.Kh5 Bd8 43.Bb4 f6
44.Bc5 Kc6 45.Kg6 fxe5 46.fxe5  1-0

[Event "8th Vladimir Dvorkovich Cup"]
[Site "Moscow RUS"]
[Date "2013.06.27"]
[Round "3.8"]
[White "Choladze,M"]
[Black "Bezkorovaina,M"]
[Result "1-0"]
[WhiteElo "1932"]
[BlackElo "2045"]

1.e4 g6 2.d4 Bg7 3.Nc3 d6 4.f4 a6 5.Nf3 b5 6.Bd3 Bb7 7.O-O Nd7 8.e5 e6 9.Ne4 Bxe4
10.Bxe4 d5 11.Bd3 c5 12.c3 Ne7 13.a4 c4 14.Bc2 O-O 15.Be3 Qb6 16.Bf2 Ra7
17.Bh4 Nf5 18.a5 Qc7 19.Bxf5 exf5 20.Be7 Re8 21.Bd6 Qc6 22.Ne1 Bf8 23.Bxf8 Nxf8
24.Nc2 Rd7 25.Qf3 Qe6 26.Ne3 h5 27.h3 Nh7 28.Rae1 Kf8 29.g4 hxg4 30.hxg4 fxg4
31.Nxg4 Qf5 32.Re2 Ke7 33.Rh2 Rh8 34.Nf6 Nxf6 35.Rxh8 Ne8 36.Qg3 Ra7 37.Qh4+ Kd7
38.e6+ Qxe6 39.Re1 Qf6 40.Qg4+  1-0

[Event "7th Varna Open 2013"]
[Site "Varna BUL"]
[Date "2013.06.27"]
[Round "9.14"]
[White "Krasovskiy,Kirill"]
[Black "Belov,Ig1"]
[Result "0-1"]
[WhiteElo "2045"]
[BlackElo "2418"]

1.e4 d6 2.d4 g6 3.Nc3 Bg7 4.Be3 c6 5.Qd2 b5 6.f4 Nd7 7.Nf3 Nb6 8.Bd3 a5 9.O-O Nf6
10.f5 b4 11.Ne2 gxf5 12.exf5 Nbd5 13.Bh6 Bxh6 14.Qxh6 Qb6 15.Nf4 Nxf4 16.Qxf4 Bb7
17.Bc4 c5 18.Kh1 cxd4 19.Nxd4 Rg8 20.Bb5+ Kd8 21.Be2 Bxg2+ 22.Kg1 Be4+ 23.Kf2 Qxd4+
24.Ke1 Qxb2 25.Rd1 Qc3+ 26.Rd2 Rc8 27.Ba6 Rc5 28.Be2 Rd5  0-1

[Event "III Marcel Duchamp Boca Jun Op"]
[Site "Buenos Aires ARG"]
[Date "2013.06.28"]
[Round "8.13"]
[White "Ambrogi,A"]
[Black "Pazos,David"]
[Result "1-0"]
[WhiteElo "2309"]
[BlackElo "1974"]

1.e4 g6 2.d4 d6 3.Nc3 Bg7 4.Be3 Nc6 5.Qd2 Nf6 6.f3 e5 7.d5 Ne7 8.Bh6 Bxh6
9.Qxh6 Nh5 10.g3 f5 11.Nh3 fxe4 12.fxe4 Bg4 13.Bg2 Qd7 14.Nf2 Rf8 15.Qe3 Qc8
16.O-O Bd7 17.Qh6 Rf7 18.Nd3 Ng8 19.Qg5 Qd8 20.Qe3 Ngf6 21.h3 g5 22.Rf2 g4
23.h4 Nxg3 24.Rxf6 Rxf6 25.Qxg3 Qe7 26.Rf1 Rxf1+ 27.Bxf1 O-O-O 28.Be2 h5
29.Ne1 Rf8 30.Ng2 a6 31.Nd1 Qh7 32.Qe3 Qg6 33.Nf2 Kb8 34.Nh1 g3 35.Nxg3 Bg4
36.Kh2 Qf6 37.Nxh5 Qg6 38.Ng3 Bc8 39.Bh5 Qf6 40.Qe2 Qf2 41.Qxf2 Rxf2 42.Bg6 Bg4
43.Bh5 Bd7 44.Be2 Kc8 45.Kg1 Rf6 46.Ne3 Rg6 47.Kh2 c6 48.Nef5 Kd8 49.h5 Rg8
50.c4 b5 51.h6 Rh8 52.dxc6 Bxc6 53.Kh3 Kd7 54.Kh4 Ke6 55.Kg5 Rg8+ 56.Ng7+ Kf7
57.cxb5 axb5 58.Bh5+ Kf8 59.Kf6 Rh8 60.Ne6+ Kg8 61.Bf7+ Kh7 62.Ng5+ Kxh6
63.Nf5+  1-0

[Event "TCh-MNE Prem 2013"]
[Site "Cetinje MNE"]
[Date "2013.06.28"]
[Round "5.4"]
[White "Todorovic,J"]
[Black "Pavlovic,Dej"]
[Result "0-1"]
[WhiteElo "2436"]
[BlackElo "2398"]

1.e4 d6 2.d4 g6 3.Nc3 Bg7 4.Be3 Nd7 5.Qd2 a6 6.f4 e6 7.Nf3 Ne7 8.Bd3 b5 9.f5 exf5
10.exf5 Nf6 11.fxg6 hxg6 12.O-O-O Bb7 13.Ng5 Qd7 14.Rde1 O-O 15.Qf2 Rae8
16.h3 b4 17.Nd1 Nf5 18.Bd2 Nh7 19.Nf3 a5 20.g4 Bxf3 21.gxf5 Bxh1 22.Rxh1 Qc6
23.Rg1 Qd5 24.Rg4 Nf6 25.Rh4 Ne4 26.Rxe4 Rxe4 27.f6 Bh8 28.Ne3 Qxd4 29.Qg2 Rxe3
30.Bxg6 Bxf6 31.Bd3+ Bg7  0-1

[Event "Geneva Open A 2013"]
[Site "Geneva SUI"]
[Date "2013.06.28"]
[Round "6.5"]
[White "Skouvaklis,A"]
[Black "Gerber,R"]
[Result "0-1"]
[WhiteElo "2166"]
[BlackElo "2416"]

1.e4 d6 2.d4 g6 3.Nc3 Bg7 4.Nge2 Nf6 5.g3 O-O 6.Bg2 Nc6 7.d5 Na5 8.Nd4 Bg4
9.Nce2 c5 10.dxc6 Nxc6 11.Nxc6 bxc6 12.h3 Be6 13.O-O Nd7 14.Nd4 Qb6 15.Nxe6 fxe6
16.Rb1 Rxf2 17.Rxf2 Rf8 18.Bf4 Bd4 19.Kh2 Bxf2 20.e5 d5 21.Qg4 Rf5 22.Qh4 Qd8
23.Bg5 Qe8 24.Bxe7 Rh5 25.Qb4 c5 26.Qd2 Bxg3+ 27.Kxg3 Qxe7 28.Kh2 Qg5 29.Qa5 Nxe5
30.Qxc5 Qf4+ 31.Kg1 Nf3+ 32.Bxf3 Qxf3 33.Qc8+ Kg7 34.Qc3+ Qxc3 35.bxc3 Rxh3
36.Rb3 Rf3 37.a4 Kf6 38.a5 a6 39.Kg2 Rf4 40.Rb6 Rc4  0-1

[Event "III Marcel Duchamp Boca Jun Op"]
[Site "Buenos Aires ARG"]
[Date "2013.06.29"]
[Round "9.39"]
[White "Gomez Camacho,Micaela"]
[Black "Medina,Exequiel Alexis"]
[Result "1-0"]
[WhiteElo "1777"]
[BlackElo "1572"]

1.e4 d6 2.d4 g6 3.Nc3 Bg7 4.Nf3 Nf6 5.Bg5 c6 6.Qe2 b5 7.a3 a5 8.e5 Ng4 9.h3 Nh6
10.Qd2 Ng8 11.Qe3 d5 12.Bd3 Qc7 13.Nd2 e6 14.O-O Ne7 15.Nf3 O-O 16.Bf6 Re8
17.g4 Nd7 18.Qg5 h6 19.Qh4 Bf8 20.Ne2 Ba6 21.b4 a4 22.Ng3 Nb6 23.g5 h5 24.Nxh5 Nf5
25.Bxf5 exf5 26.Bd8  1-0

[Event "FISCA Open D 2013"]
[Site "Cap Aurora ROU"]
[Date "2013.06.29"]
[Round "9.1"]
[White "Carmaciu,L"]
[Black "Manolache,M"]
[Result "1/2-1/2"]
[WhiteElo "2416"]
[BlackElo "2504"]

1.e4 g6 2.d4 Bg7 3.Nc3 d6 4.f4 Nf6 5.Nf3 O-O 6.Bd3 Nc6 7.O-O Bg4 8.Be3 Nh5
9.e5 dxe5 10.dxe5 f6 11.exf6 Bxf6 12.Qe1 Nd4 13.Ne5 Bxe5 14.fxe5 Rxf1+ 15.Kxf1 Qd7
16.Kg1 Rf8 17.Qd2 c5 18.Rf1 Rxf1+ 19.Bxf1 Ng7 20.Ne4 b6 21.Bc4+ Be6 22.Bxe6+ Ngxe6
23.c3 Qc6 24.cxd4 cxd4 25.Bxd4 Qxe4 26.Bc3 Qb1+ 27.Kf2 Qf5+ 28.Kg1  1/2-1/2

[Event "Geneva Open A 2013"]
[Site "Geneva SUI"]
[Date "2013.06.29"]
[Round "8.7"]
[White "Manea,Al"]
[Black "Gerber,R"]
[Result "1-0"]
[WhiteElo "2389"]
[BlackElo "2416"]

1.d4 g6 2.e4 Bg7 3.Nc3 d6 4.Bg5 h6 5.Be3 Nd7 6.Qd2 a6 7.Nf3 b5 8.d5 Ngf6
9.Nd4 Bb7 10.f3 Ne5 11.a4 bxa4 12.Rxa4 Qd7 13.Be2 c6 14.dxc6 Nxc6 15.Nb3 g5
16.O-O O-O 17.Rfa1 Qc8 18.Rc4 Qe6 19.Rca4 Qc8 20.R1a2 e6 21.Qxd6 Rd8 22.Qg3 Nh5
23.Qf2 Nf4 24.Bf1 Bxc3 25.bxc3 Rd1 26.Ra1 Rxa1 27.Rxa1 e5 28.Bb6 Nb8 29.Rd1 Nd7
30.Ba5 Ne6 31.Qd2 Bc6 32.Bc4 Ndf8 33.Qd6 Qd7 34.Qxd7  1-0